1798 1895 1833 1103 1033 1987 1094 1096 1541 1136 1544 1113 1220 1006 1530 1913 1024 1749 1615 1358 1620 1800 1185 1891 1475 1805 1921 1587 1296 1205 1594 1153 1925 1474 1754 1187 1177 1088 1883 1088 1004 1376 1813 1066 1556 1935 1389 1768 1991 1853 1074 1118 1026 1615 1185 1267 1597 1115 1607 1518 1454 1312 1541 1157 1321 1275 1050 1648 1600 1988 1966 1976 1899 1972 1272 1667 1942 1570 1058 1014 1737 1776 1684 1864 1685 1069 1106 1212 1135 1509 1674 1134 1156 1098 1431 1595 1402 1955 1793 BCNSPRNW ULIB Ver.6.0+V

เปลี่ยนเป็นภาษาไทย

Change to English
 แสดงรายละเอียดบรรณานุกรม
  กลับหน้าหลัก

Brief Record : Get Marc (ISO 2709) : E-mail record : QR code < ปิดหน้าต่าง
LEADER : 00000nam 2200000uu 4500
001    13399120267
003     ULIB
008    020711s2549 th a 000 0 tha d
020    9789748321950
050    QV55 ก581ค
100    กำพล ศรีวัฒนกุล
245    คู่มือ การใช้ยาฉบับสมบูรณ์/^cกำพล ศรีวัฒนกุล
250    พิมพ์ครั้งที่ 5
260    กรุงเทพฯ :^bสกายบุ๊กส์ จำกัด,^c2549
300    700 หน้า
650    ยา^xการใช้ยา
945    ^p480^l0^i14127
999    ^aทศพร เกษรทอง
รายการนี้ยังไม่มีแท็ก
คุณยังไม่ได้ล็อกอิน คุณสามารถมีกิจกรรมร่วมกับเว็บไซต์ได้ แต่ต้องล็อกอินก่อน ::
  ล็อกอิน

รายการสื่อสารสนเทศ

ลำดับที่ ประเภท เลขเรียก/บาร์โค้ด สถานที่ สถานะ
1. วิทยาศาสตร์การแพทย์ และสุขภาพ
วิทยาศาสตร์การแพทย์ และสุขภาพ
QV55 ก581ค  
  Barcode: 14127
ห้องสมุดวิทยาเขตสวรรค์ประชารักษ์
►หนังสือทั่วไป
บนชั้น

รายการใกล้เคียง
    ผู้แต่ง [กำพล ศรีวัฒนกุล]

BibComment


ยังไม่เคยถูกคอมเมนท์

คอมเมนท์ทรัพยากรรายการนี้
  คอมเมนท์: คู่มือ การใช้ยาฉบ..


 Copyright 2026. Bcnsprnw @Library